Powers of the crown : AD 1600-1700

Corporate Author: Time-Life Books
Language:English
Published: New York: Time Life Asia, ♭ 1990.
1990.
Series:Time-Life illustrated history of the world
Subjects:
LEADER 00949cam a2200265 7i4500
001 0000026100
005 20180308090000.0
008 180308s1990 nx a x 0 eng
020 0 0 |a 070540983X  
040 |b eng  |c UMT  |e rda 
090 0 0 |a D 208   |b .T5 1990 
245 0 0 |a Powers of the crown :   |b AD 1600-1700   |c by the editors of Time-Life Books.. 
264 4 |c ♭ 1990. 
264 4 |a New York:   |b Time Life Asia,   |c 1990. 
300 |a 176 pages:   |b illustration (some col.), maps (col.);   |c 28 cm.. 
336 |a text  |2 rdacontent<U+0009> 
337 |a unmediated  |2 rdamedia<U+0009> 
338 |a volume  |2 rdacarrier<U+0009> 
490 0 0 |a Time-Life illustrated history of the world 
504 0 0 |a Includes bibliographical references and index 
590 |a Pusat Pendidikan Asas dan Liberal 
650 0 0 |a History, Modern.  
650 0 0 |a History, Modern --   |y 17th century.  
710 2 1 |a Time-Life Books  
999 |a 1100005839  |b Book  |c Rujukan  |e KOLEKSI RUJUKAN